Úsvit v nás
Román se sociální tematikou se odehrává těsně po skončení 1. světové války v oblasti Zlínska a líčí příběh mladého muže, který se vrací z fronty a hledá své místo v civilním životě. Část jeho příběhu se odehrává v baťovském Zlíně a v Holešově v době protižidovského pogromu v roce 1918....
Saved in:
| Main Author | |
|---|---|
| Format | Book |
| Language | Czech |
| Published |
Brno :
Moravské kolo spisovatelů,
1935
|
| Subjects | |
| Physical Description | 210 s. ; 20 cm |
Cover
| LEADER | 00000cam a2200000 a 4500 | ||
|---|---|---|---|
| 001 | 74408 | ||
| 003 | CZ-ZlUTB | ||
| 005 | 20240829153736.0 | ||
| 007 | ta | ||
| 008 | 990402s1935 xr e 000 0 cze | ||
| 015 | |a cnb000708859 | ||
| 035 | |a (OCoLC)7619355 | ||
| 040 | |a ABA001 |b cze |c ABA001 |d ABA001 |d ZLD002 | ||
| 043 | |a e-xr--- |b e-xr-zl |2 czenas | ||
| 072 | 7 | |a 821.162.3-3 |x Česká próza |2 Konspekt |9 25 | |
| 080 | |a 821.162.3-31 |2 MRF | ||
| 080 | |a (437.323) |2 MRF | ||
| 100 | 1 | |a Spáčil, Jindřich, |d 1899-1978 |7 jk01120637 |4 aut | |
| 245 | 1 | 0 | |a Úsvit v nás / |c Jindřich Spáčil |
| 260 | |a Brno : |b Moravské kolo spisovatelů, |c 1935 | ||
| 300 | |a 210 s. ; |c 20 cm | ||
| 500 | |a Na titulním listu věnování: Spisovateli M. Rusínskému oddaný Jindřich Spáčil. V Kroměříži 16/II 35 | ||
| 520 | 2 | |a Román se sociální tematikou se odehrává těsně po skončení 1. světové války v oblasti Zlínska a líčí příběh mladého muže, který se vrací z fronty a hledá své místo v civilním životě. Část jeho příběhu se odehrává v baťovském Zlíně a v Holešově v době protižidovského pogromu v roce 1918. | |
| 651 | 7 | |a Zlín (Česko) |7 ge128609 |2 czenas | |
| 655 | 7 | |a české romány |7 fd133974 |2 czenas | |
| 655 | 9 | |a Czech fiction |2 eczenas | |
| 910 | |a ZLD002 | ||
| 952 | |0 2 |1 0 |2 udc |4 0 |6 885SPÁČILJ |7 0 |8 BOOK |9 130444 |a UTBZL |b UTBZL |c 005 |d 2014-10-30 |l 0 |o 885/SPÁČIL,J. |p 420010156083 |r 2019-08-26 00:00:00 |v 130.00 |w 2019-08-26 |x N:nákup; |y 01 | ||
| 952 | |0 0 |1 0 |2 udc |4 0 |6 885SPÁČILJ |7 0 |8 BOOK |9 186895 |a UTBZL |b UTBZL |c 005 |d 2025-07-17 |l 0 |o 885/SPÁČIL,J. |p 420010199994 |r 2025-07-17 00:00:00 |v 308.00 |w 2025-07-17 |x N: nákup; s podpisem autora |y 01 | ||
| 992 | |a BK |b SK | ||
| 998 | |a 000594905 | ||
| 999 | |c 74408 |d 74408 | ||